000 00865nam a2200277 i 4500
001 10385
003 ES-MaACL
005 20230906145858.0
007 t|
008 950529s1995 sp ||||1| spa d
020 _a84-206-2794-1
080 _a92 Nietzsche,F.
080 _a1 Nietzsche,F.
080 _a141.33
100 1 _aNolte, Ernst.
_985925
245 1 0 _aNietzsche y el nietzscheanismo /
_cErnst Nolte ; versión española de Teresa Rocha Barco.
260 _aMadrid :
_bAlianza,
_cD.L. 1995.
300 _a299 p. ;
_c20 cm.
490 1 _aAlianza universidad ;
_v794
500 _aIndices.
600 1 4 _aNietzsche, Friedrich,
_d1844-1900-
_xCrítica e interpretación
_985721
700 1 _aRocha Barco, Teresa.
_998052
830 0 _aAlianza universidad ;
_v794
_9177276
852 _aES-MaACL
_jL-17918
_bR.123898
999 _c10385
_d10385